Things that are split - Statistics

General Stats
  • This quiz has been taken 13 times
    8 since last reset
  • The average score is 11 of 18
Answer Stats
Hint Answer % Correct
Ice cream dessert Banana Split
100%
Nuclear fission Split atom
100%
Psychological disorder Split personality
100%
A moment Split second
100%
Finish a relationship Split up
100%
Making overly fine distinctions Split hairs
75%
Yellow or green legumes Split peas
75%
Wood working tool Split axe
63%
Common term for Trichoptilosis Split ends
63%
Electoral effect of having too many similar candidates Vote splitting
63%
Everyone pays for their own meal Split bill
50%
House with two/three short sets of stairs connecting three/four floors Split level house
50%
Display technique in computer graphics Split screen
50%
Distribute equally among several Even split
38%
Lay term for severing the corpus callosum Split brain
13%
Tax planning technique Split income
13%
Divide a sports team in two Split squad
13%
70s/80s rock band from New Zealand Split Enz
0%
No matching quizzes found
Score Distribution
Percent of People with Each Score
Percentile by Number Answered
Your Score History
You have not taken this quiz since the last reset